Famous Redheads Quiz Stats

Quiz Updated Oct 9, 2016

Also try: Cartoon Redheads
Challenge
Share
Tweet
Score 0/20 Timer 06:00
0 Plays Today
% Correct
Prince Harry
93.5%
Conan O'Brien
82.7%
Emma Stone
82.7%
Lindsay Lohan
76.6%
Nicole Kidman
73.4%
Carrot Top
72.6%
Susan Sarandon
72.3%
Ed Sheeran
70%
Seth Green
68.2%
Julianne Moore
67.9%
% Correct
Amy Adams
66.7%
Rupert Grint
65.6%
Alyson Hannigan
53.7%
Isla Fisher
50.1%
Jessica Chastain
50%
Christina Hendricks
39.9%
Cynthia Nixon
39.8%
Molly Ringwald
30.7%
Jesse Tyler Ferguson
28.4%
Florence Welch
26.5%

You're not logged in!

Compare scores with friends on all Sporcle quizzes.
Join for Free
OR
Log In

You Might Also Like...

Show Comments

Extras

Top Quizzes Today


Score Distribution

Your Account Isn't Verified!

In order to create a playlist on Sporcle, you need to verify the email address you used during registration. Go to your Sporcle Settings to finish the process.

Report this User

Report this user for behavior that violates our Community Guidelines.

Details: